|
|
|
|
| LEADER |
01006nam a22002417a 4500 |
| 001 |
37781 |
| 003 |
BD-DhAAL |
| 008 |
220222t2005 bg ||||| |||| 00| 0 ben d |
| 999 |
|
|
|c 43555
|d 43555
|
| 020 |
|
|
|a 9848167166
|
| 040 |
|
|
|a BD-DhAAL
|
| 082 |
|
|
|a 891.44
|
| 245 |
|
|
|a চর্যাপদ সমীক্ষা /
|c বেলাল হোসেন সম্পাদিত
|
| 246 |
|
|
|a Charjapad somikkha
|
| 260 |
|
|
|a ঢাকা :
|b বর্ণবিচিত্রা,
|c ২০০৫
|
| 300 |
|
|
|a ১৬০ পৃষ্ঠা ;
|b ২২ সে.মি.
|
| 526 |
|
|
|a BIED
|
| 541 |
|
|
|a Complimentary copy from BIED
|e 37781
|
| 650 |
|
|
|a Bengali literature.
|9 45981
|
| 700 |
|
|
|a হোসেন, বেলাল
|9 45982
|
| 852 |
|
|
|a Ayesha Abed Library
|c BIED Collection
|
| 942 |
|
|
|2 ddc
|c BK
|
| 952 |
|
|
|0 0
|1 0
|2 ddc
|4 0
|6 891_440000000000000_CHA
|7 0
|9 69859
|a BRACUL
|b BRACUL
|c GEN
|d 2022-02-22
|e Complimentary copy from BIED
|l 0
|o 891.44 CHA
|p 3010037781
|r 2022-02-22
|t 1
|w 2022-02-22
|y BK
|x Transferred from BIED to General Stacks
|